Информационные технологии как средство регулирования взаимодействия студента и работодателя; Ресурсоэффективные системы в управлении и контроле: взгляд в будущее; Ч. 3

Xehetasun bibliografikoak
Parent link:Ресурсоэффективные системы в управлении и контроле: взгляд в будущее: сборник научных трудов II Международной конференции школьников, студентов, аспирантов, молодых ученых, 08 - 12 октября 2013 г./ Национальный исследовательский Томский политехнический университет (ТПУ).— , 2013
Ч. 3.— 2013.— [С. 55-58]
Egile nagusia: Останин В. В.
Erakunde egilea: Национальный исследовательский Томский политехнический университет (ТПУ) Юргинский технологический институт (филиал) (ЮТИ) Кафедра информационных систем (ИС)
Beste egile batzuk: Кремнёва М. С. (научный руководитель), Захарова А. А. Алена Александровна
Gaia:Заглавие с титульного экрана
Hizkuntza:errusiera
Argitaratua: 2013
Saila:Новые образовательные технологии в области контроля и управления
Gaiak:
Sarrera elektronikoa:http://www.lib.tpu.ru/fulltext/c/2013/C47/V3/022.pdf
Formatua: Baliabide elektronikoa Liburu kapitulua
KOHA link:https://koha.lib.tpu.ru/cgi-bin/koha/opac-detail.pl?biblionumber=603161

MARC

LEADER 00000naa2a2200000 4500
001 603161
005 20260226131119.0
035 |a (RuTPU)RU\TPU\conf\310 
035 |a RU\TPU\conf\305 
090 |a 603161 
100 |a 20131217d2013 k y0rusy50 ca 
101 0 |a rus 
102 |a RU 
135 |a drnn ---uucaa 
181 0 |a i  
182 0 |a b 
200 1 |a Информационные технологии как средство регулирования взаимодействия студента и работодателя  |f В. В. Останин, М. С. Кремнёва  |g науч. рук. А. А. Захарова 
203 |a Текст  |c электронный 
225 1 |a Новые образовательные технологии в области контроля и управления 
300 |a Заглавие с титульного экрана 
320 |a [Библиогр.: с. 58 (4 назв.)] 
337 |a Adobe Reader 
461 1 |0 (RuTPU)RU\TPU\conf\171  |t Ресурсоэффективные системы в управлении и контроле: взгляд в будущее  |o сборник научных трудов II Международной конференции школьников, студентов, аспирантов, молодых ученых, 08 - 12 октября 2013 г.  |o в 4 ч.  |f Национальный исследовательский Томский политехнический университет (ТПУ)  |d 2013 
463 1 |0 (RuTPU)RU\TPU\conf\290  |t Ч. 3  |v [С. 55-58]  |d 2013 
610 1 |a труды учёных ТПУ 
610 1 |a электронный ресурс 
610 1 |a информационные технологии 
610 1 |a регулирование 
610 1 |a студенты 
610 1 |a работодатели 
700 1 |a Останин  |b В. В. 
701 1 |a Кремнёва  |b М. С. 
702 1 |a Захарова  |b А. А.  |c российский специалист в области информационных технологий  |c профессор Томского политехнического университета, доктор технических наук  |f 1972-  |g Алена Александровна  |4 727 
712 0 2 |a Национальный исследовательский Томский политехнический университет (ТПУ)  |b Юргинский технологический институт (филиал) (ЮТИ)  |b Кафедра информационных систем (ИС)  |3 (RuTPU)RU\TPU\col\18893 
801 2 |a RU  |b 63413507  |c 20131217  |g RCR 
856 4 |u http://www.lib.tpu.ru/fulltext/c/2013/C47/V3/022.pdf 
942 |c BK